Statystyki dla QUIZ DODAWANIE DO 1000

Kliknij tutaj aby rozwiązać quiz!

Ogólne statystyki

  • Ten quiz został rozwiązany 26 razy
  • Średni wynik to 22 z 25

Statystyki odpowiedzi

JAKIE DZIAŁANIAODPOWIEDZI% Poprawnych
459+241=700
100%
711+211=922
100%
365+343=708
92%
568+232=800
92%
788+203=991
92%
389+605=994
92%
94+111=205
88%
286+436=722
88%
274+456=730
88%
737+239=976
88%
765+217=982
88%
266+662=982
88%
165+65=230
83%
253+255=508
83%
545+123=668
83%
364+312=676
83%
292+464=756
83%
342+424=766
83%
564+241=805
83%
768+125=893
83%
648+251=899
83%
618+326=944
83%
744+209=953
83%
462+510=972
83%
346+631=977
83%

Rozkład punktacji

Percentyl według liczby udzielonych odpowiedzi

Procent ludzi z każdym wynikiem

Twoja historia wyników

Nie rozwiązałeś tego quizu